[Event "FIDE-Wch k.o."]
[Site "Las Vegas"]
[Date "1999.08.04"]
[Round "2.2"]
[White "Topalov, Veselin"]
[Black "Ponomariov, Ruslan"]
[Result "1-0"]
[WhiteElo "2690"]
[BlackElo "2616"]
[Annotator "Huzman,A"]
[PlyCount "95"]
[EventDate "1999.07.31"]
[EventType "k.o."]
[EventRounds "7"]
[EventCountry "USA"]
[SourceTitle "CBM 072"]
[Source "ChessBase"]
[SourceDate "1999.10.01"]
[SourceVersion "1"]
[SourceVersionDate "1999.10.01"]
[SourceQuality "1"]

1. d4 d5 2. c4 dxc4 3. e4 Nf6 4. e5 Nd5 5. Bxc4 Nb6 6. Bb3 Nc6 7. Ne2 Bg4 8.
Nbc3 (8. f3 Bf5 9. Nbc3 e6 10. Be3 (10. O-O Qd7 11. Be3 Nb4 12. Ne4 N4d5 13.
Bf2 Be7 14. Rc1 O-O 15. Nc5 Qc8 16. Qd2 $14 {0-1 Kisseleva,N-Semenova,L/
Kishinev 1995/EXT 95 (60)}) 10... Qd7 11. g4 Bg6 12. Nf4 O-O-O 13. h4 Nxd4 14.
h5 Nxb3 15. Qxb3 Qc6 16. hxg6 Qxf3 17. Rh3 Qxg4 18. gxf7 Nd5 19. Ncxd5 exd5 20.
Qd1 $18 {1-0 Schroll,G-Volkmann,F/Aschach 1992/TD 92\04 (38)}) 8... e6 9. O-O (
9. a3 Bxe2 10. Nxe2 Qd7 11. Be3 Na5 12. Ba2 Nac4 13. Qc2 Qb5 14. Rb1 c5 15. O-O
Rc8 16. Qe4 Nxe3 17. Qxe3 Be7 18. Nc3 cxd4 19. Qxd4 Qc5 $11 {1-0 Litinskaya,
M-Nutu Gajic,D/ROM-chT 1994/EXT 94ch (69)}) (9. Be3 Bxe2 10. Nxe2 Bb4+ 11. Nc3
Nd5 12. Rc1 Nxe3 13. fxe3 Qh4+ 14. Ke2 O-O 15. g3 Qe7 16. Ne4 $14 {0-1
Oosterom,E-Duyn,R/NLD-chT9495 1994/EXT 97 (30)}) 9... Qd7 (9... Nb4 10. h3 Bh5
11. f4 Bg6 12. d5 Qd7 13. dxe6 Bc5+ 14. Kh2 fxe6 15. Qxd7+ Kxd7 16. Rd1+ N4d5
17. Bxd5 Nxd5 18. b4 Bxb4 19. Nxd5 exd5 20. Rxd5+ Kc6 21. Rd1 Bc5 22. Bb2 Rad8
23. Bd4 $36 {1/2-1/2 Adianto,U-Barua,D/Dubai 1992/EXP 32 (62)}) (9... Bf5 10.
a3 Qd7 11. Be3 Ne7 12. Ng3 Bg6 13. f4 Ned5 14. Qf3 c6 15. Bf2 Be7 16. Nge4 O-O
17. g4 $36 {1-0 Mohr,S-Osmanovic,K/Zuerich 1987/EXT 87op (34)}) (9... Be7 10.
f3 Bf5 11. g4 Bg6 12. f4 Na5 13. f5 Nxb3 14. Qxb3 exf5 15. gxf5 Bh5 16. Ng3
Qxd4+ 17. Kg2 Qh4 18. f6 gxf6 19. exf6 Bg4 20. Qb5+ $16 {1-0 Matveeva,S-Nutu
Gajic,D/Subotica 1991/TD 93\02 (28)}) 10. h3 (10. Be3 O-O-O (10... Be7 11. a3
Rd8 (11... O-O 12. Ba2 Bh5 13. Rc1 Rfd8 14. f3 Bg6 15. Qe1 Bf8 16. Rd1 Ne7 17.
Bg5 Re8 18. Bxe7 Bxe7 19. Nf4 c6 20. Ne4 {1/2-1/2 Tukmakov,V-Yakovich,Y/
Kujbyshev 1986/MCL 05 (20)}) 12. f3 Bf5 13. Qc1 Na5 14. Ba2 Bd3 15. Bf2 Qc6 16.
b4 Nac4 17. Rd1 Bxe2 18. Nxe2 a5 19. Rb1 axb4 20. axb4 Qb5 21. Nc3 Qa6 22. b5
$16 {1-0 Savchenko,S-Brady,S/Erevan 1996/EXT 96ch2 (60)}) 11. f3 Bf5 12. Bf2
Be7 13. Rc1 Kb8 14. Na4 Nb4 15. Nc5 Qe8 16. Ng3 Bxc5 17. Nxf5 Bf8 18. Ng3 N4d5
19. Ne4 $14 {1-0 Giorgadze,G-Gonzalez Garcia,J/Ubeda 1997/EXP 56 (47)}) 10...
Bxe2 $6 (10... Bf5) (10... Bh5) 11. Nxe2 Be7 12. Be3 Nb4 13. Ng3 $1 {[%cal
Gg3e4,Ge4c5]} O-O-O (13... O-O 14. Qg4 $40 {[%cal Gg3h5]}) 14. Qe2 N4d5 15. Ne4
Kb8 16. Rad1 (16. Rac1 $5) 16... h5 (16... f5 $140 17. Nc5 $16) 17. a3 Qe8 18.
Bd2 a6 (18... f6 19. exf6 gxf6 20. Nc5 Bxc5 21. dxc5 Nd7 22. c6 Nc5 23. Qb5
Qxc6 24. Qxc6 bxc6 25. Bc2 $16) 19. Rc1 Qg8 20. f4 $1 f5 21. exf6 $1 (21. Nc5
Qf7) 21... gxf6 (21... Bxf6 22. Nxf6 gxf6 23. f5 $16) 22. f5 $1 $16 Rh7 (22...
exf5 23. Rxf5 Qg6 24. Qf3 $16) 23. Nc5 Bd6 $2 (23... exf5 24. Ne6 Rd7 25. Rxf5
$16) 24. Nxe6 Qg3 25. Qf3 $1 $18 Qxf3 (25... Qh2+ 26. Kf2 Rg8 27. Bxd5 Nxd5 28.
Qxd5 $18) 26. Rxf3 Re8 27. Re1 h4 28. Re4 Bg3 29. Kf1 c6 30. Rg4 Kc8 31. a4 $1
Nc7 32. Nxc7 Bxc7 (32... Kxc7 33. Ba5 Rhe7 34. Be6 $18) 33. Be1 $1 Nd5 34. Bxd5
cxd5 35. Bxh4 Rhe7 36. Rc3 Kb8 37. Bxf6 Rf7 38. Rg6 Ref8 39. Rxc7 $1 Kxc7 (
39... Rxc7 40. Be5 Rxf5+ 41. Ke1 Rxe5+ 42. dxe5 Rc2 43. h4 Rxb2 44. h5 $18) 40.
Be5+ Kd7 41. g4 Rc8 42. Rb6 Rc1+ 43. Kg2 Ke8 44. h4 Rc6 45. Rxc6 bxc6 46. h5
Rb7 47. h6 Rxb2+ 48. Kg3 1-0

[Event "Enghien les Bains 3rd"]
[Site "Enghien les Bains"]
[Date "1999.03.09"]
[Round "6"]
[White "Beliavsky, Alexander G"]
[Black "Bauer, Christian"]
[Result "1/2-1/2"]
[WhiteElo "2650"]
[BlackElo "2528"]
[Annotator "Huzman,A"]
[PlyCount "75"]
[EventDate "1999.03.03"]
[EventType "tourn"]
[EventRounds "9"]
[EventCountry "FRA"]
[EventCategory "15"]
[SourceTitle "CBM 070"]
[Source "ChessBase"]
[SourceDate "1999.06.08"]
[SourceVersion "1"]
[SourceVersionDate "1999.06.08"]
[SourceQuality "1"]

1. d4 d5 2. c4 dxc4 3. e4 e5 4. Nf3 exd4 5. Bxc4 Nc6 6. O-O Nf6 7. e5 Ne4 (7...
Nd5 8. Nxd4 Nxd4 9. Qxd4 Be6 10. Nc3 Nxc3 11. Qxc3 Bxc4 12. Qxc4 Qd7 (12... Be7
13. Qb5+ Qd7 14. Qxb7 O-O 15. Qe4 $16 {1/2-1/2 Sorvari,J-Pukkila,M/Helsinki
1993/EXT 99 (41)}) 13. Bg5 c6 14. e6 $1 fxe6 15. Rad1 Qc8 16. Rfe1 $18 {
1-0 Lewandowska,K-Byczynska,J/Konin 1990/EXT 99 (20)}) 8. Qb3 (8. Re1 Nc5 9.
Bg5 Be7 (9... Qd7 10. b4 Ne6 11. b5 Ncd8 12. Nbd2 Bb4 13. Rb1 c5 14. Rxb4 cxb4
15. Ne4 O-O 16. Bd2 a5 17. Qb1 b6 18. Neg5 Nxg5 19. Nxg5 d3 20. Bxd3 h6 21. Nh7
Re8 22. Bxh6 Bb7 $2 (22... f5 $1 23. Bxg7 $1 $13) 23. Bxg7 $1 $40 {1-0 Notkin,
M-Nenashev,A/Cappelle 1995/EXT 95op2 (41)}) 10. Bxe7 Qxe7 11. Nxd4 Nxd4 12.
Qxd4 Be6 13. b4 Nd7 14. Bxe6 fxe6 15. Nc3 $11 {1/2-1/2 Gligoric,S-Osterman,R/
Ljubljana 1975/MCD-r7 (40)}) (8. Bb5 Bd7 9. Bxc6 Bxc6 10. Nxd4 Bc5 11. Be3 Bxd4
12. Qxd4 Qxd4 13. Bxd4 O-O-O 14. Be3 Rhe8 $15 {1/2-1/2 Kalesis,N-Nenashev,A/
Ano Liosia 1996/EXP 51 (27)}) 8... Qd7 9. Re1 Nc5 10. e6 fxe6 (10... Nxe6 11.
Ng5 Ncd8 12. Nd2 Be7 (12... h6 13. Nxe6 (13. Nxf7 Qxf7 14. Nf3 Qf6 $19) 13...
Nxe6 14. Nf3 Bd6 15. Re4 (15. Bxe6 fxe6 16. Nxd4 Bxh2+ 17. Kxh2 Qxd4 18. Qb5+
Kf7 (18... c6 19. Qh5+ Kf8 20. Be3 $40) 19. Qh5+ (19. Be3 Qd5) 19... g6 20.
Qf3+ Qf6 $17) (15. Nxd4 Bxh2+ 16. Kxh2 Qxd4 $17) 15... O-O 16. Bxe6 fxe6 17.
Nxd4 Qf7 $17) 13. Ndf3 Bxg5 (13... O-O 14. Ne5 Qd6 15. Nexf7 Rxf7 $1 16. Nxe6
Nxe6 17. Rxe6 Bxe6 18. Bxe6 Raf8 $17) 14. Bxg5 (14. Nxg5 O-O $17) 14... O-O 15.
Ne5 Qd6 $17) 11. Qd1 Bd6 12. Nbd2 O-O $17 13. b3 Qf7 14. Ba3 Kh8 (14... Qf5
$142 15. b4 Nd3 $17) 15. b4 $1 Nd7 16. Ne4 Nde5 $1 17. Nxe5 Nxe5 18. Qxd4 Nxc4
19. Qxc4 $44 Bd7 20. f3 $1 (20. Bb2 Bc6 $1 21. f3 Bd5 $17) 20... Be5 (20... Bc6
21. Nxd6 cxd6 22. Qxe6 $11) 21. Rad1 Ba4 22. Rd2 Qh5 (22... Qf4 $6 23. b5 Qxh2+
24. Kf1 Rfd8 25. Bc1 $1 (25. Rxd8+ Rxd8 26. Qxa4 Qh1+ $40) 25... Rxd2 (25...
Bd4 26. Rxd4 Rxd4 27. Qxd4 Bxb5+ 28. Kf2 Qh4+ 29. g3 Qh2+ 30. Ke3 $16) 26. Bxd2
Rd8 27. Be3 Qh1+ 28. Kf2 Qh4+ 29. Ke2 $16 {[%csl Ra4]}) (22... Bc6 $1 23. b5 (
23. Nc5 Bd5 24. Qd3 Qf4 $17) 23... Bd5 24. Qe2 Rfd8 $17 25. Ng5 $140 Bxh2+ 26.
Kxh2 Qf4+ $19) 23. Ng3 Qg5 24. Rf2 {[%cal Gb4b5,Gc4a4,Ga3f8]} Bxg3 (24... Rad8
25. Bc1 Bf4 (25... Qf6 26. Nh5 Qf5 27. g4 $16) 26. Bxf4 Qxf4 27. Re4 Qf7 28. b5
Bd1 29. Rd4 $5 {[%csl Rd1]} (29. Qxe6 $11 Qxe6 30. Rxe6 Ba4 31. Re7 Bxb5 32.
Rc2 $1)) 25. hxg3 Qxg3 26. b5 Rxf3 (26... Rf4 27. Qxe6 (27. Qxc7 Rxf3 28. Qxg3
Rxg3 29. Bb2 Bxb5 $17) 27... Bxb5 28. Qe5 $1 {[%cal Ge5g3]} Bc6 29. Bc1 $16)
27. Bc5 Raf8 (27... Rc3 28. Qb4 $1 {[%csl Ra4,Rh8]}) 28. Ref1 Rxf2 29. Rxf2
Rxf2 30. Bxf2 Qa3 31. Qxc7 $11 h6 32. Bd4 Qf8 (32... e5 33. Qc8+ (33. Qxe5 Qc1+
34. Kh2 Qg5 $11) (33. Bxe5 Qe3+ 34. Kh2 Qg5 $17) 33... Kh7 34. Qf5+ Kg8 $11)
33. Qxb7 e5 $1 34. Bxa7 Qb4 $11 35. Qc8+ Kh7 36. Qf5+ Kh8 37. b6 Bc6 38. Qc8+ (
38. Qc8+ Kh7 39. Qxc6 Qe1+ 40. Kh2 Qh4+ $11) 1/2-1/2

[Event "Enghien les Bains 3rd"]
[Site "Enghien les Bains"]
[Date "1999.03.10"]
[Round "7"]
[White "Salov, Valery"]
[Black "Sadler, Matthew D"]
[Result "1/2-1/2"]
[WhiteElo "2670"]
[BlackElo "2667"]
[Annotator "Huzman,A"]
[PlyCount "72"]
[EventDate "1999.03.03"]
[EventType "tourn"]
[EventRounds "9"]
[EventCountry "FRA"]
[EventCategory "15"]
[SourceTitle "CBM 070"]
[Source "ChessBase"]
[SourceDate "1999.06.08"]
[SourceVersion "1"]
[SourceVersionDate "1999.06.08"]
[SourceQuality "1"]

1. d4 d5 2. c4 dxc4 3. e4 Nf6 4. e5 Nd5 5. Bxc4 Nc6 6. Ne2 Nb6 7. Bb3 Bf5 8.
Nbc3 e6 9. a3 Qd7 10. O-O O-O-O 11. Be3 Be7 12. Rc1 (12. Qc1 Kb8 13. Rd1 Na5 (
13... f6 14. Ng3 Bg6 15. Nge4 Na5 16. Ba2 Nac4 17. exf6 gxf6 18. Nc5 Qc6 19. b4
Rhg8 20. b5 Qd6 21. a4 Bh5 22. Re1 $10 {1/2-1/2 Van Wely,L-Anand,V/Wijk (10)/
1996/ (23) Giese: [#]}) 14. Ba2 Nac4 15. Ng3 Bg6 16. Bf4 Qc6 17. b4 a6 18. Nce2
h5 19. h3 h4 20. Nf1 Be4 21. f3 Bd5 22. Nc3 g5 23. Nxd5 Nxd5 24. Bh2 b5 25. Nd2
$16 {1/2-1/2 Savchenko,S-Greenfeld,A/Lyon 1994/CBM 45 (43)}) (12. Ba2 f6 13. f4
(13. exf6 Bxf6 14. Qe1 Nxd4 15. Nxd4 Bxd4 16. Bxd4 Qxd4 17. Bxe6+ Bxe6 18.
Qxe6+ Qd7 19. Qb3 $14 {Kamsky,G-Magem Badals,J/Madrid/1994/}) 13... h6 14. Qe1
fxe5 15. fxe5 Bg5 16. Bf2 h5 $10 {1-0 Tunik,G-Kharlov,A/Elista 1994/CBM 44/
[Belov] (64)}) (12. Na4 Nd5 (12... Na5 13. Nxb6+ axb6 14. Ba2 b5 15. Qe1 Nc6
16. Qc3 f6 17. exf6 Bxf6 18. Rfd1 Kb8 19. Qc5 $16 {1/2-1/2 Menyhart,T-Gonzalez
Garcia,J/HUN t-ch 1997 (24)}) 13. Rc1 Kb8 14. Bc4 a6 15. b4 Bg4 16. h3 Bh5 17.
Bb3 Qe8 18. Qe1 f6 $1 $132 {1-0 Nikolic,P-Raetsky,A/Reykjavik 1996/CBM 52/
[Ftacnik] (40)}) 12... Qe8 (12... Na5 13. Ba2 Nac4 14. Ng3 Bg6 15. Qe2 Nxe3 16.
fxe3 Kb8 17. Rfd1 Nd5 $11 {1/2-1/2 Vyzmanavin,A-Greenfeld,A/Elenite 1994/CBM
44/[Ftacnik] (26)}) 13. Ng3 Bg6 14. f4 Kb8 (14... h5 15. f5 exf5 16. Nxf5 Nxe5
17. Qc2 $1 Ng4 (17... Nc6 18. d5 Ne5 19. Nb5 $18) 18. Nb5 c6 19. Bf4 $1 $40 {
/+-}) 15. d5 (15. f5 exf5 16. Nxf5 Nxe5 17. Nxg7 (17. Qe2 Bxf5 18. Rxf5 Nc6 19.
d5 (19. Bxf7 Qd7 $17)) 17... Qc6 (17... Qg8 $5 18. Nf5 Bxf5 19. Rxf5 Nec4 $132)
18. Nd5 (18. Nf5 Bxf5 19. Rxf5 Nec4 $132) 18... Nxd5 $1 19. Rxc6 Nxe3 20. Qe2
Nxc6 21. Qxe3 Rxd4 $44) 15... exd5 (15... Nxd5 16. Nxd5 exd5 17. f5 d4 18. Bf4
$16) 16. Nxd5 (16. f5 d4 17. fxg6 fxg6 18. Bf7 Qd7 (18... dxe3 19. Bxe8 Rxd1
20. Nxd1 Rxe8 21. Nxe3 Nxe5 $11) 19. e6 Qc8 20. Bf2 dxc3 21. Qb3 $5 cxb2 22.
Qxb2 $44) (16. Bxb6 axb6 17. Nxd5 (17. f5 Bg5 (17... Bc5+ 18. Kh1 Qxe5 19. Re1)
18. Rc2 (18. fxg6 hxg6 $44) 18... Qxe5 19. fxg6 Be3+ 20. Kh1 hxg6 $40) 17...
Bc5+ 18. Kh1 Be3 19. Rc4 $13 (19. Ra1 h5 20. f5 h4 $17) 19... b5 $140 20. Rc3
Bd4 21. Rxc6 bxc6 22. Qxd4 $36) 16... Na5 (16... Nxd5 17. Bxd5 h5 18. Qf3 $1 (
18. f5 h4 19. Ne4 Bh5 20. Qb3 Na5 21. Qa2 c6 $132) 18... h4 19. Bxc6 bxc6 20.
Ne2 $16) 17. Bxb6 $6 (17. f5 $1 Nxd5 (17... Nxb3 18. Bxb6 axb6 (18... Nxc1 19.
Bxc7+ Ka8 20. Bxd8 Qxd8 (20... Bc5+ 21. Kh1 Qxd8 22. b4 $1 $18) 21. Nxe7 $18)
19. Qxb3 Bc5+ 20. Kh1 Qxe5 21. Nb4 $16) (17... Qb5 18. Bxb6 axb6 19. Ba2 Bc5+
20. Kh1 Qxb2 21. Qc2 Qxe5 22. Rce1 Qd6 23. Ne4 $16) 18. Bxd5 c6 (18... Qb5 19.
Qc2 $18) 19. fxg6 hxg6 20. Qd4 Rxd5 (20... b6 21. Bxf7 Rxd4 22. Bxe8 Rd3 23.
Bxg6 Rxe3 24. b4 $18) 21. Qxa7+ Kc8 22. Bb6 $18) 17... axb6 18. Ba2 c6 19. b4 (
19. f5 cxd5 20. fxg6 hxg6 $15 {[%csl Re5]}) 19... cxd5 20. bxa5 Bxa3 (20...
Bc5+ 21. Kh1 (21. Rxc5 bxc5 22. f5 Qxe5 $17) 21... Bxa3 22. axb6 $5) 21. axb6
Bxc1 22. Qxc1 Qc6 $6 (22... Qa4 $1 23. f5 (23. Qd2 Be4 $17) 23... Qxa2 24. Qc7+
Ka8 25. fxg6 fxg6 $17) 23. f5 (23. Qxc6 bxc6 24. f5 Rhe8 (24... Rhf8 $5) 25.
fxg6 fxg6 26. Rf7 Rxe5 $132) 23... Qxc1 (23... Qxb6+ 24. Kh1 Rc8 25. Qd2 $16)
24. Rxc1 Rhe8 $1 25. Re1 (25. fxg6 fxg6 26. Re1 Re6 $11 {/=/+}) 25... f6 (25...
Re7 $5 26. fxg6 hxg6 $132 {[%csl Re5]}) 26. e6 (26. fxg6 hxg6 27. e6 Rd6 $17)
26... Rd6 27. Kf2 Re7 28. fxg6 hxg6 29. Bb1 Rexe6 30. Rxe6 Rxe6 31. Bxg6 Rxb6
32. Nf5 $132 Rb2+ 33. Kf3 Rb3+ 34. Kf2 Rb2+ 35. Kf3 Rb3+ 36. Kf2 Rb2+ 1/2-1/2

[Event "WchT 4th"]
[Site "Luzern"]
[Date "1997.10.27"]
[Round "3.3"]
[White "Pelletier, Yannick"]
[Black "Rublevsky, Sergei"]
[Result "1-0"]
[WhiteElo "2465"]
[BlackElo "2650"]
[Annotator "Huzman,A"]
[PlyCount "91"]
[EventDate "1997.10.25"]
[EventType "team-tourn"]
[EventRounds "9"]
[EventCountry "SUI"]
[SourceTitle "CBM 062"]
[Source "ChessBase"]
[SourceDate "1998.01.31"]
[SourceVersion "1"]
[SourceVersionDate "1998.01.31"]
[SourceQuality "1"]
[WhiteTeam "Switzerland"]
[BlackTeam "Russia"]
[WhiteTeamCountry "SUI"]
[BlackTeamCountry "RUS"]

1. d4 d5 2. c4 dxc4 3. e4 e5 4. Nf3 exd4 5. Bxc4 Nc6 6. O-O Be6 7. Bxe6 fxe6 8.
Qb3 Qd7 9. Qxb7 Rb8 10. Qa6 Nf6 11. Nbd2 Bd6 12. Re1 Ng4 13. h3 Nge5 14. Nxe5
Nxe5 $5 $146 (14... Bxe5 15. a3 O-O 16. Qd3 a5 17. b3 Bf4 18. Nc4 Ne5 19. Nxe5
Bxe5 20. a4 Bd6 21. Bd2 e5 22. Bxa5 Qf7 23. Rab1 Qxf2+ 24. Kh1 Qf7 25. Rf1 Qe6
26. Rxf8+ Kxf8 27. Bd2 c5 28. a5 Bc7 29. Qc2 c4 30. bxc4 Ra8 31. Qa4 Kg8 32.
Rb7 Bd8 33. Qb5 h6 34. Rb8 Rxb8 35. Qxb8 Qf6 36. a6 Kh7 37. a7 Qf1+ 38. Kh2 {
1-0 Razuvaev,Y-Ibragimov,I/Biel op 1995/EXP 48}) 15. Nc4 (15. Qxa7 $6 O-O 16.
Rd1 (16. Qxd4 $140 Nd3 $19) 16... Qb5 $1 {[%cal Yb5e2]} 17. Qxd4 Bc5 $1 18. Qc3
Rxf2 $40) (15. Nb3 c5 16. Bf4 Rb6 (16... Nf3+ 17. gxf3 Rb6 18. Qc4 Bxf4 19.
Nxc5 $16) 17. Qe2 d3 $1 18. Qd1 (18. Qh5+ g6 19. Qg5 Nf7 20. Qg3 Bxf4 21. Qxf4
c4 $17) 18... O-O (18... c4 19. Bxe5 Bxe5 20. Qh5+ Qf7 21. Qxe5 O-O 22. Nc5
Qxf2+ 23. Kh1 Rxb2 24. Rg1 $13) (18... Qc7 19. Rc1 c4 20. Nd2 {[%csl Rc4]}) 19.
Bxe5 Bxe5 20. Nxc5 Qb5 21. Nxd3 Rd8 22. Re3 Rbd6 23. Qg4 Rxd3 24. Qxe6+ Kf8 25.
Rxd3 Rxd3 26. Qf5+ $44 {/=}) 15... O-O (15... Nxc4 16. Qxc4 O-O 17. e5 Be7 18.
Rd1 c5 19. b3 $11 {Position similar to position from the game.}) 16. Nxe5 Bxe5
17. Qd3 Qb5 (17... Qf7 18. Re2 $14) 18. Rd1 Qxd3 (18... c5 19. b3 a6 $5 20. Ba3
{[%cal Ga3c5,Ga1c1,Gc1c5]} Bf4 21. Qxb5 (21. Qc4 Qxc4 22. bxc4 Bd6 $11) 21...
Rxb5 {[%cal Yb5a5]} 22. g3 Bd6 (22... Bh6 {[%cal Yh6c1]} 23. Bc1 $1 $14) 23.
Bb2 {[%cal Ga1c1,Gc1c4]} a5 $132) 19. Rxd3 c5 20. b3 Rfc8 {[%cal Yc5c4]} 21. f4
Bd6 22. e5 Be7 (22... Bf8 23. Kf1 a5 $132 {[%cal Ya5a4]}) 23. Ba3 Rb5 24. g3 a5
{[%cal Ya5a4]} 25. Rc1 {[%cal Gd3d4]} Ra8 {[%cal Ya5a4]} 26. Rc4 a4 (26... h5
$5 $11) 27. bxa4 Rba5 28. Rc1 Kf7 (28... g5 $5 29. fxg5 Bxg5 30. Rxc5 Be3+ 31.
Kf1 Rxa4 32. Bb2 Rb4 33. Ba3 Rba4 $11) 29. Rb3 $1 {[%cal Gb3b7]} Kg6 $6 (29...
Rxa4 30. Bxc5 Bxc5 31. Rxc5 Rxa2 $11 32. Rc7+ $140 Kg6 33. Rbb7 Kf5 $1 $40) (
29... R8a7 $5 $11) 30. g4 $1 Rxa4 31. Bxc5 Rc8 $2 (31... Bxc5 32. Rxc5 Rxa2 33.
Rc6 Rd2 34. Rxe6+ Kf7 35. Reb6 Raa2 $11) 32. f5+ exf5 $4 (32... Kh6 33. Ba3 Re8
34. Bxe7 Rxe7 35. Rc6 Rxa2 (35... Kg5 $5 36. Rxe6 Rxe6 (36... Rc7 $5 $132) 37.
fxe6 Rxa2 38. e7 Ra8 39. Rf3 Re8 40. Rf7 Kg6 41. e6 $18) 36. h4 Re2 37. Rbb6
Ra7 (37... Rxe5 38. Rxe6+ g6 (38... R7xe6 $4 39. Rxe6+ Rxe6 40. fxe6 Kg6 41. g5
$18) 39. Rxe7 Rxe7 40. Kf2 $14) 38. Ra6 Rxa6 39. Rxa6 Re4 $1 (39... Rxe5 $4 40.
Rxe6+ Rxe6 41. fxe6 Kg6 42. g5 $18) 40. Kf2 $1 g6 (40... Rxg4 $4 41. fxe6 $1
Rg6 42. Rd6 $18) 41. f6 $1 Rxg4 (41... Rxe5 42. Ra8 Re4 43. g5+ Kh5 44. Ra3 $1
$16 {[%cal Gf6f7]}) 42. Rxe6 $16) 33. Rb6+ Kf7 34. Rb7 $18 Re8 35. e6+ (35.
Bxe7 $1 Rxe7 36. e6+ Kf6 37. g5+ $18) 35... Kxe6 36. Bxe7 Rxa2 37. Re1+ Kd5 38.
gxf5 Kc4 39. Rd7 Ra5 40. f6 gxf6 41. Rd1 d3 42. Rc7+ Kb5 43. Rb1+ Ka6 44. Bc5
Rxc5 45. Rxc5 d2 46. Kf2 1-0

[Event "Linares Anibal op 07th"]
[Site "Linares"]
[Date "2000.01.09"]
[Round "3"]
[White "Sargissian, Gabriel"]
[Black "Sorokin, Maxim"]
[Result "1/2-1/2"]
[WhiteElo "2470"]
[BlackElo "2574"]
[Annotator "Huzman,A"]
[PlyCount "56"]
[EventDate "2000.01.07"]
[EventType "swiss"]
[EventRounds "10"]
[EventCountry "ESP"]
[SourceTitle "CBM 075"]
[Source "ChessBase"]
[SourceDate "2000.04.05"]
[SourceVersion "1"]
[SourceVersionDate "2000.04.05"]
[SourceQuality "1"]

1. d4 d5 2. c4 dxc4 3. e3 e6 4. Bxc4 c5 5. d5 exd5 6. Bxd5 Bd6 7. Nc3 (7. Qb3
Qe7 8. e4 Nf6 9. Bg5 Nbd7 10. Nc3 h6 $11) 7... Nf6 8. Bf3 O-O 9. Nge2 Qe7 10.
Ng3 (10. O-O Rd8 11. Qc2 Nc6 $1 $36 {[%cal Yc6b4,Yc6e5]}) 10... Rd8 11. Qc2 Na6
(11... Nc6 $1 12. Bxc6 bxc6 13. O-O Ba6 14. Rd1 Be5 $36) 12. a3 c4 {[%cal
Ya6c5,Yc5d3]} 13. Be2 (13. Nce4 Nxe4 14. Bxe4 (14. Qxe4 Nc5 $1 $36) (14. Nxe4
Bf5 15. Qxc4 Rac8 16. Qa4 Nb4 $1 $17) 14... Qh4 (14... Nc5 $5 15. Bxh7+ Kh8 $44
) 15. Qxc4 Be6 16. Qe2 Nc5 17. Bc2 Rac8 $44) 13... Be6 (13... Qc7 14. O-O Bd7
15. e4 b5 16. Bg5 $132) 14. Nf5 (14. O-O Nc5 $36 {[%cal Yc5b3,Yc5d3]} (14... g6
15. e4 Nc5 16. Bg5 $132 Nb3 $140 17. Rad1 Bxg3 18. hxg3 Nd4 19. Rxd4 Rxd4 20.
e5)) 14... Bxf5 15. Qxf5 Rac8 16. Bd2 (16. O-O g6 (16... Rc5 17. Qc2 $11) 17.
Qc2 Be5 $15) 16... g6 (16... Rc5 17. Qc2 b5 18. O-O b4 $5 $36) 17. Qc2 Nc5 18.
Rd1 (18. Bxc4 Nce4 19. Bd3 Nxc3 20. Bxc3 Nd5 $36) 18... Nd3+ 19. Bxd3 cxd3 20.
Qxd3 Bxa3 $15 21. Qc2 Bd6 (21... Bb4 22. O-O $15) 22. O-O b5 (22... Be5 $5 $36)
(22... Bxh2+ $2 23. Kxh2 Ng4+ 24. Kg3 Qg5 25. f4 $18) 23. Qb3 a6 24. Ne2 $1 Qc7
(24... Ne4 25. Ba5 $11) (24... Ng4 25. h3 Ne5 26. Ba5 Rd7 27. Nf4 $11) 25. g3
Be5 (25... Qc2 26. Qxc2 Rxc2 27. Nd4 $1 $132 Rxb2 $140 28. Bc3 Ra2 29. Nc6 $18)
26. Bc3 Ng4 27. h3 Bxc3 28. Nxc3 Nxe3 (28... Nxe3 29. Nxb5 $1 (29. fxe3 Qxg3+
30. Kh1 Qxh3+ 31. Kg1 Qxe3+ $19) 29... axb5 30. Qxe3 $11) 1/2-1/2